Didáctica general: qué y cómo enseñar en la sociedad de la información

Sparad:
Bibliografiska uppgifter
Huvudupphovsmän: Rodríguez Rojo, Martín (Författare, medförfattare), Blázquez Entonado, Florentino (Författare, medförfattare), Cantón Mayo, Isabel (Författare, medförfattare), González Moro, Valentín (Författare, medförfattare), Jares, Xesús R (Författare, medförfattare)
Övriga upphovsmän: Moya Ureta, Carlos (autor)
Materialtyp: Bok
Språk:spanska
Publicerad: Madrid Biblioteca Nueva 2002
Upplaga:1a. ed
Serie:Biblioteca Nueva Universidad. Manuales y Obras de Referencia. Serie Educación
Ämnen:
Taggar: Lägg till en tagg
Inga taggar, Lägg till första taggen!

MARC

LEADER 00000cam a2200000 a 4500
001 UCM8622
003 CL-VaPUC
008 030321e20020000SP |||||||||||||||||spa|d
020 |a 8497420454 
082 0 4 |a 370.1  |b ROD  |2 21 
100 0 |a Rodríguez Rojo, Martín  |e author  |9 474707 
700 0 |a Blázquez Entonado, Florentino  |e author  |9 474708 
700 0 |a Cantón Mayo, Isabel  |e author  |9 474709 
700 0 |a González Moro, Valentín  |e author  |9 474710 
700 |a Moya Ureta, Carlos  |e autor  |9 474711 
700 |a Jares, Xesús R  |e author  |9 546348 
245 1 0 |a Didáctica general: qué y cómo enseñar en la sociedad de la información 
250 |a 1a. ed 
300 |a 454 p 
942 |c BK 
945 |d 20030321 00:00:00  |a cmena 
260 |a Madrid  |b Biblioteca Nueva  |c 2002 
650 0 |a Filosofía de la educación   |9 258384 
650 0 |a Planificación de la educación   |9 307333 
650 0 |a Sociedad de la información   |9 417579 
650 0 |a Globalización  |9 361930 
650 0 |a Planificación del currículo  |9 269599 
583 |a last modification  |c 20161206 10:34:34  |k Rodrigo Vera 
490 0 |a Biblioteca Nueva Universidad. Manuales y Obras de Referencia. Serie Educación 
999 |c 303082  |d 303080 
952 |0 0  |1 0  |4 0  |6 370_100000000000000_ROD_2002  |7 0  |8 A  |9 364057  |a BIBEDU  |b BIBEDU  |d 2019-11-21  |i 3884880  |o 370.1 ROD 2002  |p 3884880  |r 2019-11-21  |w 2019-11-21  |y BK  |k EDU 
952 |0 0  |1 0  |4 0  |6 370_100000000000000_ROD_2002  |7 0  |8 A  |9 364058  |a BIBEDU  |b BIBEDU  |d 2019-11-21  |i 3912639  |o 370.1 ROD 2002  |p 3912639  |r 2019-11-21  |w 2019-11-21  |y BK  |k LIT 
952 |0 0  |1 0  |4 0  |6 370_100000000000000_ROD_2002  |7 0  |8 A  |9 364059  |a BIBEDU  |b BIBEDU  |d 2019-11-21  |i 393232K  |o 370.1 ROD 2002  |p 393232K  |r 2019-11-21  |w 2019-11-21  |y BK  |k EDU 
952 |0 0  |1 0  |4 0  |6 370_100000000000000_ROD_2002  |7 0  |8 A  |9 364060  |a BIBEDU  |b BIBEDU  |d 2019-11-21  |i 4119959  |o 370.1 ROD 2002  |p 4119959  |r 2019-11-21  |w 2019-11-21  |y BK  |k EBA 
952 |0 0  |1 0  |3 erb  |4 0  |6 370_100000000000000_ROD_2002  |7 0  |8 A  |9 364061  |a BIBTEO  |b BIBTEO  |i 5355869  |o 370.1 ROD 2002  |p 5355869  |r 2025-01-17  |w 2019-11-21  |y BK  |z Catalogado en:20161209  |k ICR